| Tag |
First Indicator |
Second Indicator |
Subfields |
| LEADER |
00000pam a2200000 a 4500 |
| 001 |
in00000071820 |
| 005 |
20151008062417.0 |
| 008 |
810626s1982 nyua b 00110 eng |
| 010 |
|
|
|a 81011382
|
| 020 |
|
|
|a 047108509X
|
| 035 |
|
|
|a (OCoLC)07597431
|
| 035 |
|
|
|9 AAK0167AM
|
| 039 |
0 |
|
|a 2
|b 3
|c 3
|d 3
|e 3
|
| 040 |
|
|
|a DLC
|c DLC
|d TXA
|d UtOrBLW
|
| 049 |
|
|
|a TXAM
|c [387417]
|
| 050 |
0 |
0 |
|a HD31
|b .P53
|
| 082 |
0 |
|
|a 658.4/03
|2 19
|
| 100 |
1 |
|
|a Plunkett, Lorne C.
|
| 245 |
1 |
4 |
|a The proactive manager :
|b the complete book of problem solving and decision making /
|c Lorne C. Plunkett, Guy A. Hale.
|
| 264 |
|
1 |
|a New York :
|b Wiley,
|c [1982]
|
| 264 |
|
4 |
|c ©1982
|
| 300 |
|
|
|a xii, 221 pages :
|b illustrations ;
|c 24 cm.
|
| 336 |
|
|
|a text
|b txt
|2 rdacontent
|
| 337 |
|
|
|a unmediated
|b n
|2 rdamedia
|
| 338 |
|
|
|a volume
|b nc
|2 rdacarrier
|
| 500 |
|
|
|a "A Wiley-Interscience publication."
|
| 500 |
|
|
|a Includes index.
|
| 504 |
|
|
|a Bibliography: page 201.
|
| 650 |
|
0 |
|a Management.
|
| 650 |
|
0 |
|a Problem solving.
|
| 650 |
|
0 |
|a Decision making.
|
| 650 |
|
0 |
|a Business planning.
|
| 700 |
1 |
|
|a Hale, Guy A.
|
| 999 |
|
|
|a MARS
|
| 999 |
f |
f |
|s 7133f39b-99f6-3ad9-aa4b-502e254788f1
|i 3a83944f-bee4-3710-b37b-cea35843ff64
|t 0
|
| 952 |
f |
f |
|p ric
|a Texas A&M University
|b Rellis Campus
|c Joint Library Facility
|d Remote Storage
|t 0
|e HD31 .P53
|h Library of Congress classification
|i unmediated -- volume
|m A14806123845
|
| 998 |
f |
f |
|a HD31 .P53
|t 0
|l Remote Storage
|